• 首页
  • 本馆介绍
  • 公告通知
  • 最新文献
  • 馆藏检索
  • 电子资源
  • 读者导购
  • 参考咨询
  • 我的图书馆
  • 登录
  • 详细信息显示
  • 放入我的书架
  • 预约/预借图书
  • 作者相关作品
  • 分类相关作品
  • 丛书相关作品
  • 出版社相关作品

书目信息

  • 表格格式
  • 工作单格式
  • 卡片格式
题名:
发展的潜力
    
 
作者: 罗哈德 主编
分册:  
出版信息: 长春   吉林音像出版社  2004.12
页数: 184页
开本: 21cm
丛书名: 现代人生成功方案丛书
单 册:
中图分类: B84
科图分类:
主题词: 成功心理--教材 , 成功心理
电子资源:
ISBN: 7-5601-2857-2
000 00938oam2 2200289 450
001 201078
005 20070913153602.85
010    @a7-5601-2857-2@dCNY28.00
100    @a20060104d20052004em y0chiy0110 ea
101 0  @achi
102    @aCN@b220000
105    @ay z 000yy
200 1  @a发展的潜力@AFa Zhan De Qian Li@e寻找成功的自助@f罗哈德主编@FLuo Ha De Zhu Bian
210    @a长春@c吉林音像出版社@c吉林大学出版社@d2004.12
215    @a184页@d21cm
225 2  @a现代人生成功方案丛书
300    @a大智慧成功方案教程
330    @a本书内容包括“纠正人生的失误”、“保证身心的健康”、“拥有完美的爱情”、“达到预定的目标”四部分。
410  0 @12001 @a现代人生成功方案丛书
517 1  @a寻找成功的自助@AXun Zhao Cheng Gong De Zi Zhu
606 0  @a成功心理@j教材
606 0  @a成功心理
690    @aB84@v4
701  0 @a罗哈德@ALuo Ha De@4主编
801  0 @aCN@bswsy@c20070913
905    @aBZT@dB84@e135
906    @dCNY28.00@n0@r1
    
    发展的潜力:寻找成功的自助/罗哈德主编.-长春:吉林音像出版社:吉林大学出版社,2004.12
    184页;21cm.-(现代人生成功方案丛书)
    大智慧成功方案教程
    
    ISBN 7-5601-2857-2:CNY28.00
    本书内容包括“纠正人生的失误”、“保证身心的健康”、“拥有完美的爱情”、“达到预定的目标”四部分。
●
相关链接 在五车中查询图书 在当当中查询图书 在豆瓣中查询图书


正题名:发展的潜力     索取号:B84/135         预约/预借

序号 登录号 条形码 馆藏地/架位号 状态 备注
1 577954   230161217   中心书库南/004架B面6层2列/ [索取号:B84/135] 在馆    
2 577955   230161216   中心书库南/004架B面7层2列/ [索取号:B84/135] 在馆    
3 577956   230161215   中心书库南/004架B面6层2列/ [索取号:B84/135] 在馆    
4 577957   230161214   中心书库南/004架B面7层2列/ [索取号:B84/135] 在馆    
5 577958   230161213   中心书库南/004架B面7层2列/ [索取号:B84/135] 在馆    
6 577959   230161212   中心书库南/004架B面6层2列/ [索取号:B84/135] 在馆    
7 577960   230161211   中心书库南/004架B面7层2列/ [索取号:B84/135] 在馆    
8 577961   230161210   中心书库南/004架B面6层2列/ [索取号:B84/135] 在馆    
9 577962   230161208   中心书库南/004架B面6层2列/ [索取号:B84/135] 在馆    
10 577963   230161209   中心书库南/004架B面7层2列/ [索取号:B84/135] 在馆    
山东省滨州职业学院图书馆 欢迎您!
大连网信软件有限公司© 版权所有